00174 a2200085 4500020001800000100001300018245002200031250000800053260002700061 a9789355511522 aGupta R. aDigital Marketing a2nd bBPB Publicationsc2023